Andhra Pradesh Gram Panchayat bill, 1963 (Record no. 488536)

000 -LEADER
fixed length control field 00346cam a22001097a 4500
008 - FIXED-LENGTH DATA ELEMENTS--GENERAL INFORMATION
fixed length control field 180718b1963 xxu||||| |||| 00| 0 eng d
082 ## - DEWEY DECIMAL CLASSIFICATION NUMBER
Classification number B711303x5451 An24
245 ## - TITLE STATEMENT
Title Andhra Pradesh Gram Panchayat bill, 1963
Statement of responsibility, etc. by Legislative Assembly
260 ## - PUBLICATION, DISTRIBUTION, ETC.
Place of publication, distribution, etc. Hyderabad
Name of publisher, distributor, etc. The author
Date of publication, distribution, etc. 1963
300 ## - PHYSICAL DESCRIPTION
Extent 121+p.
700 ## - ADDED ENTRY--PERSONAL NAME
Personal name Andhra Pradesh. Legislative Assembley
Holdings
Withdrawn status Lost status Damaged status Not for loan Permanent Location Current Location Date acquired Full call number Barcode Date last seen Price effective from Koha item type
        Indian Institute of Public Administration Indian Institute of Public Administration 2018-08-04 B711303x5451 An24 GR91 2018-08-04 2018-08-04 GR

Powered by Koha